Estatísticas para Os 10 principais países afetados pela Covid-19 - 30 de abril

Clique aqui para jogar o quiz

Estatísticas Gerais

  • Esse quiz foi jogado 3 vezes
  • A pontuação média é 11 de 15

Estatísticas das Respostas

país% Correto
Alemanha
100%
Brasil
100%
Espanha
100%
Estados Unidos
100%
França
100%
Itália
100%
Reino Unido
100%
Rússia
100%
Bélgica
67%
Suíça
67%
Catar
33%
Irão
33%
Irlanda
33%
Singapura
33%
Turquia
33%

Distribuição das Pontuações

Percentil de Números Respondidos

Porcentagem de Pessoas com Cada Pontuação

Sua Pontuação Histórica

Você não jogou esse quiz